000 00611nam a2200217 a 4500
005 20240925064000.0
008 080721s1961 mx r 000 0 spa d
035 _aUPN01000157805
049 _aUNE
080 _a396 (520) =40 KOY
100 1 _aKoyama, Takashi
245 1 3 _aLa Condition sociale des japonaises et son évolution /
_bpar Takashi Koyama.
260 _aParís :
_bUNESCO,
_c1961.
300 _a157 p. :
_bil., fot.
500 _aIncluye bibliografía
690 _aCondicion social - Trabajadoras
690 _aMujeres
_97160
690 _aJapón
710 2 _aUNESCO
905 _aUNESCO
999 _c129919
_d129919